| 000 | 00601nam a22001937a 4500 | ||
|---|---|---|---|
| 003 | OSt | ||
| 005 | 20151026133602.0 | ||
| 008 | 150409s2015 sp |||| |||||0|| 0 cat|d | ||
| 020 | _a9788475029665 | ||
| 040 |
_bcat _cCDMR |
||
| 100 | 1 |
_aSáez i Casas, Albert _93393 |
|
| 245 | 1 | 3 |
_aEl Periodisme després de Twitter _b: notes per a repensar un ofici _cAlbert Sáez |
| 260 |
_aValència _bTres i Quatre _c2015 |
||
| 300 |
_a252 p. ; _c24 cm |
||
| 500 | _aBibliografia | ||
| 650 | 0 | 0 |
_aPeriodisme _xInnovacions tecnològiques _2lemac _92272 |
| 650 | 0 | 0 |
_93128 _aXarxes socials en línia _2lemac |
| 942 | _cMON | ||
| 999 |
_c6800 _d6800 |
||